000 00825nam a2200253Ia 4500
003 OSt
005 20220923211406.0
006 a|||||r|||| 00| 0
007 ta
008 Pun
020 _a9788189869298 (hbk)
_c170
024 _a281,919
037 _b864, 14/08/2014, H.K. Prakashan
_cTextual
040 _aARTS
_cARTS
_bPun
041 _2Pun
_aPun
082 _aO153,3NPA,WA, P7
100 _aਪਾਲਣਾਂ, ਗੁਰਦਾਸ ਸਿੰਘ
245 0 _aਵਾਹੀਵਾਨ
260 _aਮਾਨਸਾ
_b ਉਡਾਨ ਪਬਲੀਕੇFਨਗ਼
_c2012
300 _a172ਪੰ
_ccm.
650 _aਪੰਜਾਬੀ ਸਾਹਿਤ
942 _hO153,3NPA,WA, P7
_cTEXL
_2CC
999 _c299039
_d299039